Slimák, slimák, vystrč rožky (Record no. 21617)
[ view plain ]
| 000 -LEADER | |
|---|---|
| fixed length control field | 01789nam a2200457 a 4500 |
| 001 - CONTROL NUMBER | |
| control field | 21617 |
| 003 - CONTROL NUMBER IDENTIFIER | |
| control field | VRT |
| 005 - DATE AND TIME OF LATEST TRANSACTION | |
| control field | 20260306143031.0 |
| 008 - FIXED-LENGTH DATA ELEMENTS--GENERAL INFORMATION | |
| fixed length control field | 171215s2016 xr a b 000 p slo |
| 015 ## - NATIONAL BIBLIOGRAPHY NUMBER | |
| National bibliography number | SNBZSA2016/12 |
| 020 ## - INTERNATIONAL STANDARD BOOK NUMBER | |
| International Standard Book Number | 9788072671663 |
| Qualifying information | (viazané) |
| Canceled/invalid ISBN | 8072671669 |
| 035 ## - SYSTEM CONTROL NUMBER | |
| System control number | 6EBC0466-5C51-4190-879B-C7763BF7FDA1 |
| 035 ## - SYSTEM CONTROL NUMBER | |
| System control number | urn:nbn:sk:snk-amthbg |
| 035 ## - SYSTEM CONTROL NUMBER | |
| System control number | urn:nbn:sk:snk-am00c2ft |
| 039 #9 - LEVEL OF BIBLIOGRAPHIC CONTROL AND CODING DETAIL [OBSOLETE] | |
| Level of rules in bibliographic description | 202403131921 |
| Level of effort used to assign nonsubject heading access points | AUTHORITY |
| Level of effort used to assign subject headings | 202312031510 |
| Level of effort used to assign classification | AUTHORITY |
| Level of effort used to assign subject headings | 202312031459 |
| Level of effort used to assign classification | AUTHORITY |
| Level of effort used to assign subject headings | 201712151338 |
| Level of effort used to assign classification | VLOAD |
| 040 ## - CATALOGING SOURCE | |
| Original cataloging agency | SNK |
| Language of cataloging | slo |
| Transcribing agency | SNK |
| Description conventions | AACR2 |
| 041 0# - LANGUAGE CODE | |
| Language code of text/sound track or separate title | slo |
| 044 ## - COUNTRY OF PUBLISHING/PRODUCING ENTITY CODE | |
| MARC country code | xr |
| ISO country code | CZ |
| 072 #7 - SUBJECT CATEGORY CODE | |
| Subject category code | 821.162.3 |
| Subject category code subdivision | Česká literatúra |
| Source | konspekt |
| 080 ## - UNIVERSAL DECIMAL CLASSIFICATION NUMBER | |
| Universal Decimal Classification number | 821.162.3-1 |
| Edition identifier | 2011 |
| 080 ## - UNIVERSAL DECIMAL CLASSIFICATION NUMBER | |
| Universal Decimal Classification number | 82-93-053.2 |
| Edition identifier | 2011 |
| 080 ## - UNIVERSAL DECIMAL CLASSIFICATION NUMBER | |
| Universal Decimal Classification number | 82-94 |
| Edition identifier | 2011 |
| 245 00 - TITLE STATEMENT | |
| Title | Slimák, slimák, vystrč rožky |
| Statement of responsibility, etc. | [zostavila: Mária Štefánková ; ilustrácie: Vladimíra Vopičková] |
| 250 ## - EDITION STATEMENT | |
| Edition statement | 1. vyd. |
| 260 ## - PUBLICATION, DISTRIBUTION, ETC. | |
| Place of publication, distribution, etc. | Říčany u Prahy |
| Name of publisher, distributor, etc. | Junior |
| Date of publication, distribution, etc. | 2016 |
| 300 ## - PHYSICAL DESCRIPTION | |
| Extent | [49] nečíslovaných s. |
| Other physical details | ilustr. |
| Dimensions | 23 cm |
| 490 1# - SERIES STATEMENT | |
| Series statement | Vakát |
| 655 #7 - INDEX TERM--GENRE/FORM | |
| Genre/form data or focus term | česká poézia |
| Source of term | SNKPH |
| 655 #7 - INDEX TERM--GENRE/FORM | |
| Genre/form data or focus term | publikácie pre deti |
| Source of term | SNKPH |
| 655 #7 - INDEX TERM--GENRE/FORM | |
| Genre/form data or focus term | riekanky |
| Source of term | SNKPH |
| 655 #7 - INDEX TERM--GENRE/FORM | |
| Genre/form data or focus term | Czech poetry |
| Source of term | SNKPHeng |
| 655 #7 - INDEX TERM--GENRE/FORM | |
| Genre/form data or focus term | Children's literature |
| Source of term | SNKPHeng |
| 655 #7 - INDEX TERM--GENRE/FORM | |
| Genre/form data or focus term | Nursery rhymes |
| Source of term | SNKPHeng |
| 700 1# - ADDED ENTRY--PERSONAL NAME | |
| Personal name | Štefánková, Mária, |
| Dates associated with a name | 1951- |
| Relationship | com |
| 700 1# - ADDED ENTRY--PERSONAL NAME | |
| Personal name | Vopičková, Vladimíra, |
| Dates associated with a name | 1965- |
| Relationship | ill |
| 830 #0 - SERIES ADDED ENTRY--UNIFORM TITLE | |
| Uniform title | Vakát |
| 910 ## - USER-OPTION DATA (OCLC) | |
| User-option data | snk |
| 942 ## - ADDED ENTRY ELEMENTS (KOHA) | |
| Source of classification or shelving scheme | Dewey Decimal Classification |
| Koha item type | Krásna literatúra pre deti |
| Suppress in OPAC | No |
| 949 ## - LOCAL PROCESSING INFORMATION (OCLC) | |
| 6 | 3830001142259 |
| a | kurukT17/SLIM1-1 |
| b | kuruk2021/F731 |
| o | G2020/Adriana Čutková - Kníhkupectvo/20VF00014/Fond na podporu umenia na rok 2020, projekt č. 20-514-04042 s názvom: „Nákup knižničného fondu – priama podpora vedy a vzdelávania |
| 949 ## - LOCAL PROCESSING INFORMATION (OCLC) | |
| 6 | 17A1217638 |
| a | snkSC 171802 |
| b | snk2016/25540 |
| o | Pemic98-ah/25Int. č. fa – 75/2016 |
| s | 6100:20161222 |
| Stav vyradenia | Strata | Poškodenie | Spôsob nadobudnutia | Domovská knižnica | Aktuálna knižnica | Dátum nadobudnutia | Total checkouts | Čiarový kód exemplára | Date last seen | Typ exemplára |
|---|---|---|---|---|---|---|---|---|---|---|
| Dar | Obecná knižnica Horná Štubňa | Obecná knižnica Horná Štubňa | 06.03.2026 | 9788072671663 | 06.03.2026 | Krásna literatúra pre deti |
